Výkon autorského dozoru technicko-hospodářské ukazatele v investiční výstavbě : studijní texty - 1984

Guardado en:
Detalles Bibliográficos
Autor principal: Sůva, Radomír
Formato: Libro
Lenguaje:checo
Publicado: Praha Dům techniky ČSVTS 1984
Edición:2. vyd. (v DT 1.)
Etiquetas: Agregar Etiqueta
Sin Etiquetas, Sea el primero en etiquetar este registro!

MARC

LEADER 00000nam a2200000 4500
001 c111047
005 20181203150318.8
041 0 |a cze 
044 |a CZ 
245 1 0 |a Výkon autorského dozoru  |b technicko-hospodářské ukazatele v investiční výstavbě : studijní texty - 1984  |c Radomír Sůva 
250 |a 2. vyd. (v DT 1.) 
264 1 |a Praha  |b Dům techniky ČSVTS  |c 1984 
300 |a 37 s. 
100 1 |a Sůva, Radomír